Ways Of Counseling The Zen Way of Counseling/ (Record no. 201937)

MARC details
000 -LEADER
fixed length control field 00556nam a22001697a 4500
005 - DATE AND TIME OF LATEST TRANSACTION
control field 20240404155108.0
010 ## - LCCN (DPL NO)
LC control number ENG-140041
020 ## - INTERNATIONAL STANDARD BOOK NUMBER
Terms of availability 1000.00
International Standard Book Number 9789383982066
035 ## - SYSTEM CONTROL NUMBER
System control number EN-123573
037 ## - SOURCE OF ACQUISITION
Source of stock number/acquisition DBAD
100 ## - MAIN ENTRY--PERSONAL NAME
Personal name Liebermeister, Svagito R
245 ## - TITLE STATEMENT
Title Ways Of Counseling The Zen Way of Counseling/
Statement of responsibility, etc Svagito R. Liebermeister
260 ## - PUBLICATION, DISTRIBUTION, ETC. (IMPRINT)
Place of publication, distribution, etc New Delhi
Name of publisher, distributor, etc Vangiri Press
Date of publication, distribution, etc 2017
270 ## - ADDRESS
Address 102, 43273,Satyam House Ansari Road Darya Ganj
City New Delhi
Postal code 110002
300 ## - PHYSICAL DESCRIPTION
Extent 239P.
Dimensions 22 c.m(pb)
942 ## - ADDED ENTRY ELEMENTS (KOHA)
Source of classification or shelving scheme Dewey Decimal Classification
Item type English Books
Classification part 158.1
Call number suffix LIE
Holdings
Withdrawn status Lost status Not for loan Collection code Home library Current library Date acquired Source of acquisition Cost, normal purchase price Full call number Barcode Cost, replacement price Koha item type
      Non-fiction Bawana Bawana 04/04/2024 DBAD 1000.00 158.1 LIE EN-123573 1000.00 English Books

© Delhi Public Library
Hit Counter
free hit counter